| 000 | 01894nam0a22002531 4500 | ||
|---|---|---|---|
| 001 | rc\4616078 | ||
| 005 | 20250611210323.0 | ||
| 021 |
_aRU _bРг4344-67 |
||
| 021 |
_aRU _b67-18297 |
||
| 035 | _a(NLR Aleph) 008397056 | ||
| 090 |
_a9212756 _c9212756 |
||
| 100 | _a20130416d1965 |||y0rusy50 ca | ||
| 101 | 0 | _arus | |
| 102 | _aRU | ||
| 105 | _ay z ||||| | ||
| 200 | 1 |
_aРешение конференции по проблеме: "Биологические основы освоения, рационального использования и воспроизводства рыбных запасов в водоемах Средней Азии и Казахстана". (12-17 апреля 1965 г., г. Алма-Ата) _fНауч. совет АН СССР по проблеме "Гидробиология, ихтиология и использование биол. ресурсов водоемов". Среднеазиат. отд-ние Ихтиол. комис. Бас. производ. ком. по рыбному хоз. СССР. Каз. гос. ун-т им. С.М. Кирова. Гл. упр. по руководству рыбной пром-стью и трудовыми хозяйствами Каз. ССР. Каз. науч.-исслед. ин-т рыбного хоз. Каз. отд-ние Всесоюз. гидробиол. о-ва |
|
| 210 |
_aАлма-Ата _cБ. и. _d1965 |
||
| 215 |
_a9 с. _d22 |
||
| 710 | 1 | 2 | _aНаучная конференция по проблеме "Биологические основы освоения, рационального использования и воспроизводства рыбных запасов в водоемах Средней Азии и Казахстана" (1965; Алма-Ата) |
| 801 | 0 |
_aRU _bNLR _gpsbo |
|
| 801 | 1 |
_aRU _bELAR _2rusmarc |
|
| 852 |
_aNLR _j67-6/5007 |
||
| 942 | _cBOOK | ||
| 980 | _aNB | ||